000 00794nam a2200229 a 4500
001 74270
003 BD-RjUL
005 20211209082528.0
008 180509s2017 bg ||||| |||| 000 0 ben d
020 _a9789848867952
_cTk.200.00
035 _a(BD-RjUL)74488
040 _aBD-RjUL
_beng
_cBD-RjUL
041 _aben
082 _223
_a915.38
_bRAK 2017
100 1 _aরহমান, কামরুন
_9221385
245 1 0 _aকাবা থেকে স্বদেশ /
_cকামরুন রহমান,
260 _aরাজশাহী :
_bপরিলেখ ,
_c২০১৭
300 _a১৪৪ পৃ . ;
_c২২ সেমি.
650 _aভ্রমন (কাবা)
_zসৌদি আরব
_9221386
650 _aTravel (Mecca)
_zSaudi Arabia
_9221387
942 _2ddc
_cBK
999 _c74270
_d74270